000 00622nam a2200193Ia 4500
003 GCL
008 140319s9999 xx 000 0 ara d
040 _aGCL /
_cGCL
082 0 4 _a816
_bع ط
100 1 _aعبدالعزيز الميمنى
245 1 0 _aالطرائف الادبية وهى مجموعة من الشعر /
_cعبدالعزيز الميمنى
260 _a[S.N] :
_bدار الكتب
300 _a305
490 _aالسلسلة الشعرية الثانية
_v0
650 0 4 _aالشعر العربى
650 0 4 _aالمراسلات
650 0 4 _aالرسائل الادبية
942 _2ddc
_cBK
999 _c42430
_d42430